Opening Day Lineups: Atlanta Braves - Statistics

General Stats
  • This quiz has been taken 1,113 times
    260 since last reset
  • The average score is 27 of 64
Answer Stats
# Starts Answer % Correct
8 Ozzie Albies
97%
5 Ronald Acuna Jr.
97%
4 Matt Olson
96%
6 Austin Riley
94%
6 Marcell Ozuna
92%
11 Freddie Freeman
91%
3 Michael Harris II
90%
1 Chris Sale
86%
6 Dansby Swanson
83%
3 Max Fried
83%
2 Sean Murphy
83%
3 Orlando Arcia
81%
1 Spencer Strider
81%
2 Chipper Jones
77%
3 Travis d'Arnaud
76%
1 Drake Baldwin
76%
1 Jurickson Profar
64%
4 Brian McCann
59%
5 Ender Inciarte
57%
2 Jarred Kelenic
52%
3 Andrelton Simmons
51%
5 Jason Heyward
51%
5 Nick Markakis
50%
1 Eddie Rosario
48%
6 Julio Teheran
48%
2 Justin Upton
48%
2 B.J. Upton
47%
1 Adam Duvall
46%
4 Dan Uggla
40%
1 Josh Donaldson
37%
2 Chris Johnson
36%
2 Tyler Flowers
36%
1 Kelly Johnson
35%
1 Mike Soroka
34%
1 Tim Hudson
30%
3 Martin Prado
28%
1 Matt Adams
26%
1 Cristian Pache
25%
1 Michael Bourn
24%
1 Alex Jackson
22%
2 Adonis Garcia
21%
1 A.J. Pierzynski
21%
1 Evan Gattis
21%
1 Matt Kemp
21%
1 Brandon Phillips
20%
1 Alex Gonzalez
19%
2 Nate McLouth
19%
2 Derek Lowe
18%
2 Jace Peterson
18%
1 Alex Dickerson
17%
1 Melky Cabrera
16%
1 Yunel Escobar
16%
1 Tommy Hanson
15%
1 Matt Diaz
14%
1 Troy Glaus
14%
1 Erick Aybar
13%
1 Tyler Pastornicky
12%
1 Eric Young Jr.
9%
1 Gerald Laird
9%
1 Preston Tucker
9%
1 Ryan Flaherty
9%
1 Alberto Callaspo
6%
1 Christian Bethancourt
6%
1 Hector Olivera
6%
No matching quizzes found
Score Distribution
Percent of People with Each Score
Percentile by Number Answered
Your Score History
You have not taken this quiz since the last reset